00391nam a2200133Ia 4500008004100000082001200041100002100053245002600074260001800100600002000118942000700138952009500145999001700240241002s9999 xx 000 0 und d a613 STA aStark, Murray D. 4aThe search for health aLondon:c1948 aApplied Science cUC 00104070aUITUbUITUd1994-01-01l0o613 STApUC623r2024-10-02 09:31:25w2024-10-02yUC c18950d18950